[Event "Titled Tuesday intern op 28th Dec"]
[Site "Chess.com INT"]
[Date "2021.12.28"]
[Round "7"]
[White "Aslanov, Umid Fuad"]
[Black "Titus, Andrew L"]
[Result "0-1"]
[WhiteElo "2187"]
[BlackElo "2161"]
[PlyCount "164"]
[EventDate "2021.12.28"]
[EventType "swiss (blitz)"]
[EventRounds "11"]
[EventCountry "USA"]
[SourceTitle "CBM 206 Extra"]
[Source "ChessBase"]
[SourceDate "2022.03.31"]
[SourceVersion "1"]
[SourceVersionDate "2022.03.31"]
[SourceQuality "1"]

1. e4 c5 2. Nf3 d6 3. d4 cxd4 4. Nxd4 Nf6 5. Nc3 a6 6. h3 e6 7. g4 h6 8. Bg2 Qc7 9. Be3 Nc6 10. Qd2 Bd7 11. f4 Nxd4 12. Bxd4 e5 13. fxe5 dxe5 14. Be3 Bc6 15. a3 Rd8 16. Qf2 Rc8 17. O-O Be7 18. Rad1 b5 19. g5 hxg5 20. Bxg5 Qb7 21. Nd5 Bxd5 22. exd5 Bc5 23. Be3 Bd6 24. Rfe1 O-O 25. Bg5 Nh5 26. Kh1 Qc7 27. c3 f5 28. Qh4 g6 29. Bh6 Rf7 30. Bf3 Qc4 31. Qxc4 Rxc4 32. Bxh5 gxh5 33. Rg1+ Kh7 34. Be3 f4 35. Bb6 e4 36. Rg5 Rg7 37. Rxh5+ Kg8 38. Bd4 Rxd4 39. Rxd4 e3 40. Re4 f3 41. Rxe3 f2 42. Re8+ Kf7 43. Rf5+ Kxe8 44. Rxf2 Rg3 45. Re2+ Kd7 46. h4 Rh3+ 47. Kg2 Rxh4 48. Kf3 Rf4+ 49. Ke3 Rf5 50. Kd4 Rf4+ 51. Ke3 Rh4 52. Kd3 Bc5 53. Rg2 Kd6 54. Rg6+ Kxd5 55. Rxa6 Rh3+ 56. Kc2 Kc4 57. Rg6 Rh2+ 58. Kb1 Kb3 59. Kc1 Be3+ 60. Kd1 Rxb2 61. Rg3 Bc5 62. Kc1 Rc2+ 63. Kd1 Rxc3 64. Rg5 Kxa3 65. Kd2 b4 66. Rg4 Kb2 67. Rg8 Rc2+ 68. Kd1 b3 69. Rc8 Rc1+ 70. Kd2 Be3+ 71. Kxe3 Rxc8 72. Kd3 Ka1 73. Kd4 b2 74. Kd5 b1=Q 75. Kd6 Qb8+ 76. Kd7 Rc7+ 77. Ke6 Qb6+ 78. Kd5 Rc5+ 79. Kd4 Qb4+ 80. Kd3 Rc3+ 81. Kd2 Qb2+ 82. Kd1 Rc1# 0-1

[Event "Titled Tuesday intern op 28th Dec"]
[Site "Chess.com INT"]
[Date "2021.12.28"]
[Round "7"]
[White "Bayo Milagro, Alvaro"]
[Black "Moskvin, Anatoly"]
[Result "1-0"]
[WhiteElo "2280"]
[BlackElo "2170"]
[PlyCount "50"]
[EventDate "2021.12.28"]
[EventType "swiss (blitz)"]
[EventRounds "11"]
[EventCountry "USA"]
[SourceTitle "CBM 206 Extra"]
[Source "ChessBase"]
[SourceDate "2022.03.31"]
[SourceVersion "1"]
[SourceVersionDate "2022.03.31"]
[SourceQuality "1"]

1. c4 e5 2. Nc3 Nc6 3. Nf3 Bc5 4. e3 Qe7 5. Be2 Nf6 6. O-O a5 7. d4 Ba7 8. Nd5 Qd6 9. b3 O-O 10. dxe5 Nxe5 11. Bb2 Nxf3+ 12. Bxf3 Nxd5 13. cxd5 Bc5 14. e4 Qg6 15. e5 d6 16. Rc1 b6 17. e6 fxe6 18. dxe6 Bxe6 19. Bxa8 Rxa8 20. Rc3 Qf7 21. Rg3 g6 22. Qd2 Rf8 23. Rf3 Qe7 24. Rxf8+ Qxf8 25. Qc3 Kf7 1-0

[Event "Titled Tuesday intern op 28th Dec"]
[Site "Chess.com INT"]
[Date "2021.12.28"]
[Round "7"]
[White "Bongo Akanga Ndjila, Barthelemy"]
[Black "Pandey, Srishti"]
[Result "0-1"]
[WhiteElo "1803"]
[BlackElo "2177"]
[PlyCount "36"]
[EventDate "2021.12.28"]
[EventType "swiss (blitz)"]
[EventRounds "11"]
[EventCountry "USA"]
[SourceTitle "CBM 206 Extra"]
[Source "ChessBase"]
[SourceDate "2022.03.31"]
[SourceVersion "1"]
[SourceVersionDate "2022.03.31"]
[SourceQuality "1"]

1. d4 d5 2. c4 c6 3. cxd5 cxd5 4. Nf3 Nc6 5. Nc3 Nf6 6. Bf4 Bg4 7. Ne5 Rc8 8. Nxg4 Nxg4 9. e4 Nf6 10. e5 Ne4 11. Nxe4 dxe4 12. d5 Qa5+ 13. Ke2 Nb4 14. d6 exd6 15. exd6 Rc2+ 16. Ke3 Qc5+ 17. Kxe4 f5+ 18. Kf3 Qxf2# 0-1

[Event "Titled Tuesday intern op 28th Dec"]
[Site "Chess.com INT"]
[Date "2021.12.28"]
[Round "7"]
[White "Bouget, Alexandre"]
[Black "Agamaliev, Gamil"]
[Result "0-1"]
[WhiteElo "2250"]
[BlackElo "2485"]
[PlyCount "46"]
[EventDate "2021.12.28"]
[EventType "swiss (blitz)"]
[EventRounds "11"]
[EventCountry "USA"]
[SourceTitle "CBM 206 Extra"]
[Source "ChessBase"]
[SourceDate "2022.03.31"]
[SourceVersion "1"]
[SourceVersionDate "2022.03.31"]
[SourceQuality "1"]

1. d4 Nf6 2. c4 e6 3. Nc3 Bb4 4. a3 Bxc3+ 5. bxc3 b6 6. f3 d5 7. cxd5 exd5 8. e3 O-O 9. Bd3 Bb7 10. Ne2 Nbd7 11. O-O c5 12. Ng3 Rc8 13. Ra2 Re8 14. Re2 Nf8 15. Kh1 Bc6 16. e4 dxe4 17. fxe4 cxd4 18. Bg5 dxc3 19. Bxf6 gxf6 20. Nh5 Re6 21. Qc1 Ng6 22. Rxf6 Rxf6 23. Qh6 Rf1# 0-1

[Event "Titled Tuesday intern op 28th Dec"]
[Site "Chess.com INT"]
[Date "2021.12.28"]
[Round "7"]
[White "Brunner, Nicolas"]
[Black "Bashylina, Luisa"]
[Result "1/2-1/2"]
[WhiteElo "2415"]
[BlackElo "1891"]
[PlyCount "120"]
[EventDate "2021.12.28"]
[EventType "swiss (blitz)"]
[EventRounds "11"]
[EventCountry "USA"]
[SourceTitle "CBM 206 Extra"]
[Source "ChessBase"]
[SourceDate "2022.03.31"]
[SourceVersion "1"]
[SourceVersionDate "2022.03.31"]
[SourceQuality "1"]

1. d4 Nf6 2. c4 g6 3. Nf3 Bg7 4. Nc3 d5 5. Bg5 Ne4 6. Bh4 Nxc3 7. bxc3 dxc4 8. Qa4+ Qd7 9. Qxc4 b6 10. Qb3 Ba6 11. e3 Bxf1 12. Kxf1 O-O 13. Ke2 Nc6 14. Rhd1 Na5 15. Qb4 Qd5 16. Bxe7 Rfe8 17. Bh4 Bf8 18. Qb1 Nc4 19. Qb3 c6 20. Bg3 b5 21. Kf1 a5 22. Ne5 a4 23. Qc2 Na3 24. Qd3 f6 25. Nf3 Nc4 26. Rab1 Rad8 27. Nd2 Ne5 28. Bxe5 fxe5 29. Ne4 Bg7 30. f3 Qxa2 31. Kg1 Qd5 32. Rbc1 Kh8 33. c4 bxc4 34. Qxc4 Qxc4 35. Rxc4 exd4 36. exd4 Ra8 37. Rxc6 a3 38. Rcc1 Red8 39. Kf1 a2 40. Nc3 Bxd4 41. Ra1 Bxc3 42. Rxd8+ Rxd8 43. Rxa2 Kg7 44. g3 Rd1+ 45. Ke2 Rh1 46. Ke3 Bf6 47. h4 Rg1 48. Kf4 Rd1 49. Ra7+ Kf8 50. Rxh7 Rd4+ 51. Ke3 Rd6 52. Rb7 Be5 53. f4 Bd4+ 54. Kf3 Bf6 55. Kg4 Rd5 56. Rb6 Kg7 57. Rb7+ Kg8 58. Rb6 Kg7 59. Rb7+ Kg8 60. Rb6 Kg7 1/2-1/2

[Event "Titled Tuesday intern op 28th Dec"]
[Site "Chess.com INT"]
[Date "2021.12.28"]
[Round "7"]
[White "Chernyavsky, Alexander"]
[Black "Vifleemskaia, Svetlana"]
[Result "0-1"]
[WhiteElo "2327"]
[BlackElo "1926"]
[PlyCount "126"]
[EventDate "2021.12.28"]
[EventType "swiss (blitz)"]
[EventRounds "11"]
[EventCountry "USA"]
[SourceTitle "CBM 206 Extra"]
[Source "ChessBase"]
[SourceDate "2022.03.31"]
[SourceVersion "1"]
[SourceVersionDate "2022.03.31"]
[SourceQuality "1"]

1. d4 Nf6 2. Bg5 Ne4 3. Bf4 d5 4. c4 e6 5. f3 Bb4+ 6. Nd2 Bxd2+ 7. Qxd2 Nxd2 8. Bxd2 O-O 9. cxd5 exd5 10. e3 Bf5 11. Ne2 Bd3 12. Nf4 Bxf1 13. Kxf1 c6 14. g3 Re8 15. Ke1 Nd7 16. Kf2 a5 17. Rac1 Nb6 18. Rc2 Nc4 19. Bc1 a4 20. Re1 Qb6 21. Nd3 h6 22. Nc5 Nd6 23. Rce2 Qc7 24. Kg2 b6 25. Nd3 c5 26. Rc2 c4 27. Nb4 Qb7 28. a3 Nb5 29. Bd2 Re6 30. Rcc1 Rae8 31. Kf2 Nc7 32. Re2 b5 33. Rce1 Na6 34. Nc2 Qe7 35. Kg2 Qf6 36. Bc3 Qg6 37. Kf2 h5 38. h4 Qf5 39. Rf1 Rf6 40. Kg2 Qd3 41. Rd2 Qf5 42. Re2 g5 43. hxg5 Qxg5 44. Rh1 Rg6 45. Be1 h4 46. g4 Rh6 47. Kh3 f5 48. Rg1 f4 49. Bd2 Rhe6 50. Rge1 fxe3 51. Nxe3 Qf6 52. Kg2 Qxd4 53. Bc3 Qd3 54. Rd2 Rxe3 55. Rxd3 cxd3 56. Rd1 Re2+ 57. Kh3 d2 58. Kxh4 d4 59. Bxd2 d3 60. Bc3 Rd8 61. f4 Nc5 62. f5 Ne4 63. Bb4 d2 0-1

[Event "Titled Tuesday intern op 28th Dec"]
[Site "Chess.com INT"]
[Date "2021.12.28"]
[Round "7"]
[White "Coto Mederos, Michel"]
[Black "Seo, Jung Min"]
[Result "1-0"]
[WhiteElo "2348"]
[BlackElo "2459"]
[PlyCount "81"]
[EventDate "2021.12.28"]
[EventType "swiss (blitz)"]
[EventRounds "11"]
[EventCountry "USA"]
[SourceTitle "CBM 206 Extra"]
[Source "ChessBase"]
[SourceDate "2022.03.31"]
[SourceVersion "1"]
[SourceVersionDate "2022.03.31"]
[SourceQuality "1"]

1. d4 Nf6 2. c4 g6 3. Nc3 d5 4. Nf3 Bg7 5. Bg5 Ne4 6. cxd5 Nxg5 7. Nxg5 e6 8. Qd2 h6 9. Nf3 exd5 10. e3 c6 11. Be2 Nd7 12. O-O O-O 13. b4 Nf6 14. b5 Ne4 15. Qc2 Bf5 16. Bd3 Nxc3 17. Qxc3 Bxd3 18. Qxd3 c5 19. dxc5 Bxa1 20. Rxa1 Rc8 21. Rc1 Qe7 22. Qc3 Rc7 23. Nd4 Rfc8 24. c6 bxc6 25. bxc6 Rb8 26. Qa5 Qd6 27. h3 Rb2 28. Qc3 Rb6 29. a4 a6 30. Qa5 Rb2 31. Qc3 Qb4 32. Qc5 Qxc5 33. Rxc5 Rb4 34. Rxd5 Rxa4 35. Rd7 Rc8 36. c7 Kg7 37. Ne6+ Kf6 38. Rd8 Ra1+ 39. Kh2 Kxe6 40. Rxc8 Kd7 41. Rf8 1-0

[Event "Titled Tuesday intern op 28th Dec"]
[Site "Chess.com INT"]
[Date "2021.12.28"]
[Round "7"]
[White "Desideri, Ricardo Maruchi"]
[Black "Bashirli, Saadat"]
[Result "1-0"]
[WhiteElo "1939"]
[BlackElo "1395"]
[PlyCount "77"]
[EventDate "2021.12.28"]
[EventType "swiss (blitz)"]
[EventRounds "11"]
[EventCountry "USA"]
[SourceTitle "CBM 206 Extra"]
[Source "ChessBase"]
[SourceDate "2022.03.31"]
[SourceVersion "1"]
[SourceVersionDate "2022.03.31"]
[SourceQuality "1"]

1. e4 c5 2. Nf3 g6 3. d4 cxd4 4. Nxd4 Nc6 5. Nc3 Bg7 6. Be3 Nf6 7. Bc4 O-O 8. Bb3 a5 9. a4 d6 10. O-O Ng4 11. h3 Nxe3 12. fxe3 Bd7 13. Qf3 Nxd4 14. exd4 Bxd4+ 15. Kh1 Bg7 16. Bxf7+ Kh8 17. Qd3 Bc6 18. Rae1 Qc7 19. Nd5 Bxd5 20. exd5 Bf6 21. Be6 Kg7 22. c3 Be5 23. Re3 Rxf1+ 24. Qxf1 Rf8 25. Rf3 Rxf3 26. Qxf3 Bf6 27. g4 g5 28. h4 h6 29. h5 Qd8 30. Qd3 Qe8 31. b3 Be5 32. b4 axb4 33. cxb4 Bf6 34. b5 Be5 35. a5 Bf6 36. a6 Kh8 37. axb7 Be5 38. Qc4 Qf8 39. Qc8 1-0

[Event "Titled Tuesday intern op 28th Dec"]
[Site "Chess.com INT"]
[Date "2021.12.28"]
[Round "7"]
[White "Dilmukhametov, Artur"]
[Black "Punin, Andrii"]
[Result "1/2-1/2"]
[WhiteElo "2293"]
[BlackElo "2289"]
[PlyCount "80"]
[EventDate "2021.12.28"]
[EventType "swiss (blitz)"]
[EventRounds "11"]
[EventCountry "USA"]
[SourceTitle "CBM 206 Extra"]
[Source "ChessBase"]
[SourceDate "2022.03.31"]
[SourceVersion "1"]
[SourceVersionDate "2022.03.31"]
[SourceQuality "1"]

1. e4 c6 2. Nc3 d5 3. f4 dxe4 4. Nxe4 Nf6 5. Nf2 g6 6. Nf3 Bg7 7. g3 Ng4 8. Nxg4 Bxg4 9. Bg2 O-O 10. O-O Nd7 11. h3 Be6 12. d4 Bd5 13. b3 b5 14. Bb2 c5 15. Ne5 Bxg2 16. Kxg2 Nxe5 17. dxe5 Qc8 18. Qf3 Rd8 19. Rad1 Qc7 20. f5 gxf5 21. Qxf5 Qc6+ 22. Kh2 Qg6 23. Qxg6 hxg6 24. Kg2 a6 25. Kf3 Kf8 26. Ke4 Ke8 27. c3 e6 28. Bc1 Bf8 29. Bg5 Be7 30. Bxe7 Kxe7 31. h4 a5 32. a3 a4 33. b4 cxb4 34. cxb4 Rxd1 35. Rxd1 Rc8 36. Rd3 Rc4+ 37. Rd4 Rc3 38. Rd3 Rc4+ 39. Rd4 Rc3 40. Rd3 Rc4+ 1/2-1/2

[Event "Titled Tuesday intern op 28th Dec"]
[Site "Chess.com INT"]
[Date "2021.12.28"]
[Round "7"]
[White "Drygalov, Andrey"]
[Black "Kucuksari, Kaan"]
[Result "0-1"]
[WhiteElo "2508"]
[BlackElo "2337"]
[PlyCount "128"]
[EventDate "2021.12.28"]
[EventType "swiss (blitz)"]
[EventRounds "11"]
[EventCountry "USA"]
[SourceTitle "CBM 206 Extra"]
[Source "ChessBase"]
[SourceDate "2022.03.31"]
[SourceVersion "1"]
[SourceVersionDate "2022.03.31"]
[SourceQuality "1"]

1. e4 c6 2. d4 d5 3. e5 c5 4. dxc5 Nc6 5. a3 e6 6. Nf3 Bxc5 7. Bd3 a5 8. O-O Nge7 9. Re1 Ng6 10. Nc3 O-O 11. Bg5 Qb6 12. Qd2 Nd4 13. Nxd4 Bxd4 14. Na4 Qa7 15. c3 Bc5 16. Nxc5 Qxc5 17. h4 h6 18. Bxh6 gxh6 19. Qxh6 Qe7 20. h5 Qh4 21. Re3 Qf4 22. Qxf4 Nxf4 23. Bb5 Nxh5 24. g3 f5 25. f4 Kf7 26. Kf2 Ng7 27. Rh1 Ke7 28. Rh7 Rf7 29. Re1 Bd7 30. Be2 Rg8 31. Reh1 Ne8 32. R7h6 Rfg7 33. R1h3 Nc7 34. Rh7 Bb5 35. Bf3 Bd3 36. Rxg7+ Rxg7 37. Rh8 Ne8 38. Bh5 Nc7 39. Rc8 Kd7 40. Rb8 Ba6 41. g4 fxg4 42. Kg3 Kc6 43. Rd8 a4 44. Rd6+ Kc5 45. Rd8 Kc4 46. Rc8 Kb3 47. Kh4 Kxb2 48. Bxg4 Kxc3 49. f5 exf5 50. Bxf5 Kd4 51. e6 Ke5 52. Bg4 Kd6 53. Rd8+ Ke7 54. Rd7+ Kf6 55. Rd6 Ne8 56. Rb6 Ke7 57. Rb4 Nf6 58. Bf5 Kd6 59. Rb6+ Ke5 60. Bh3 d4 61. Rb4 d3 62. Rb1 d2 63. Rd1 Ne4 64. Rb1 Be2 0-1

[Event "Titled Tuesday intern op 28th Dec"]
[Site "Chess.com INT"]
[Date "2021.12.28"]
[Round "7"]
[White "Erdogdu, Mert"]
[Black "Ronka, Erik"]
[Result "1-0"]
[WhiteElo "2407"]
[BlackElo "2345"]
[PlyCount "47"]
[EventDate "2021.12.28"]
[EventType "swiss (blitz)"]
[EventRounds "11"]
[EventCountry "USA"]
[SourceTitle "CBM 206 Extra"]
[Source "ChessBase"]
[SourceDate "2022.03.31"]
[SourceVersion "1"]
[SourceVersionDate "2022.03.31"]
[SourceQuality "1"]

1. e4 c5 2. Nf3 d6 3. d4 Nf6 4. Nc3 cxd4 5. Nxd4 g6 6. Be3 Bg7 7. f3 O-O 8. Qd2 Nc6 9. Bc4 Bd7 10. h4 h5 11. Bb3 Rc8 12. O-O-O Ne5 13. Bg5 Rc5 14. Kb1 b5 15. g4 hxg4 16. h5 Nxh5 17. Nd5 Re8 18. Rxh5 gxh5 19. Qh2 Nxf3 20. Nxf3 gxf3 21. Qxh5 Be6 22. Rh1 f6 23. Bh6 Rf8 24. Bxg7 1-0

[Event "Titled Tuesday intern op 28th Dec"]
[Site "Chess.com INT"]
[Date "2021.12.28"]
[Round "7"]
[White "Farmani Anosheh, Armin"]
[Black "Nechaeva, Marina"]
[Result "0-1"]
[WhiteElo "2345"]
[BlackElo "2384"]
[PlyCount "74"]
[EventDate "2021.12.28"]
[EventType "swiss (blitz)"]
[EventRounds "11"]
[EventCountry "USA"]
[SourceTitle "CBM 206 Extra"]
[Source "ChessBase"]
[SourceDate "2022.03.31"]
[SourceVersion "1"]
[SourceVersionDate "2022.03.31"]
[SourceQuality "1"]

1. d4 Nf6 2. c4 e6 3. Nf3 b6 4. g3 Ba6 5. Qc2 c5 6. d5 exd5 7. cxd5 Bb7 8. Bg2 Nxd5 9. O-O Nc6 10. Rd1 Be7 11. e4 Nc7 12. Nc3 O-O 13. e5 Ne6 14. Nd5 Nb4 15. Nxb4 cxb4 16. h4 h6 17. Be3 Bc6 18. Qd2 Bc5 19. Rac1 Qe7 20. Qe2 f6 21. exf6 Qxf6 22. Bxc5 bxc5 23. Ne5 Bxg2 24. Kxg2 Nd4 25. Rxd4 cxd4 26. Nxd7 Qd6 27. Nxf8 Rxf8 28. Qc4+ Kh8 29. Rd1 Rd8 30. Rd3 a5 31. Qb5 Qe6 32. Rf3 Qe4 33. Qd3 Qd5 34. b3 Rf8 35. g4 Re8 36. Kg3 Qe5+ 37. Kg2 Rc8 0-1

[Event "Titled Tuesday intern op 28th Dec"]
[Site "Chess.com INT"]
[Date "2021.12.28"]
[Round "7"]
[White "February, Jesse Nikki"]
[Black "Van den Dikkenberg, Erik"]
[Result "0-1"]
[WhiteElo "1845"]
[BlackElo "2158"]
[PlyCount "88"]
[EventDate "2021.12.28"]
[EventType "swiss (blitz)"]
[EventRounds "11"]
[EventCountry "USA"]
[SourceTitle "CBM 206 Extra"]
[Source "ChessBase"]
[SourceDate "2022.03.31"]
[SourceVersion "1"]
[SourceVersionDate "2022.03.31"]
[SourceQuality "1"]

1. e4 c5 2. Nf3 d6 3. d4 cxd4 4. Nxd4 Nf6 5. Nc3 a6 6. a4 e5 7. Nde2 Be7 8. g3 O-O 9. Bg2 Nbd7 10. O-O b6 11. h3 Bb7 12. Be3 Rc8 13. Nd5 Bxd5 14. exd5 Qc7 15. Rc1 Qc4 16. b3 Qc7 17. c4 Nc5 18. f4 Nfd7 19. f5 Bf6 20. g4 Qd8 21. Ng3 Bg5 22. Bxg5 Qxg5 23. Rc3 a5 24. Qe1 Nf6 25. Ne4 Nfxe4 26. Bxe4 h5 27. Bf3 e4 28. h4 Qf4 29. Bg2 Qe5 30. Rg3 Nd3 31. Qe2 Qxg3 32. Qxe4 Ne5 33. f6 g6 34. Qd4 Qxg4 35. Qd2 Rce8 36. Qh6 Qd4+ 37. Kh1 Qxh4+ 38. Kg1 Qd4+ 39. Kh1 Qh4+ 40. Kg1 Qd4+ 41. Kh2 Ng4+ 42. Kh1 Nxh6 43. Kh2 Qh4+ 44. Kg1 Ng4 0-1

[Event "Titled Tuesday intern op 28th Dec"]
[Site "Chess.com INT"]
[Date "2021.12.28"]
[Round "7"]
[White "Gabrielian, Artur"]
[Black "Urazayev, Arystanbek"]
[Result "1-0"]
[WhiteElo "2464"]
[BlackElo "2437"]
[PlyCount "57"]
[EventDate "2021.12.28"]
[EventType "swiss (blitz)"]
[EventRounds "11"]
[EventCountry "USA"]
[SourceTitle "CBM 206 Extra"]
[Source "ChessBase"]
[SourceDate "2022.03.31"]
[SourceVersion "1"]
[SourceVersionDate "2022.03.31"]
[SourceQuality "1"]

1. e4 c5 2. Nc3 e6 3. Nge2 a6 4. g3 b5 5. Bg2 Bb7 6. O-O Nf6 7. d3 d6 8. f4 Nbd7 9. Qd2 Qc7 10. Nd1 h5 11. h3 Be7 12. Ne3 c4 13. a4 cxd3 14. cxd3 Nc5 15. Qc2 Rc8 16. axb5 axb5 17. Bd2 Qb6 18. Ba5 Qc6 19. Rfc1 Qd7 20. Qd1 O-O 21. f5 h4 22. gxh4 Nh5 23. Be1 d5 24. Ra7 Bd8 25. exd5 exd5 26. Nxd5 Bb6 27. Nxb6 Qd6 28. Nxc8 Bxc8 29. Bb4 1-0

[Event "Titled Tuesday intern op 28th Dec"]
[Site "Chess.com INT"]
[Date "2021.12.28"]
[Round "7"]
[White "Gaehwiler, Gabriel"]
[Black "Bilan, Danila"]
[Result "1-0"]
[WhiteElo "2400"]
[BlackElo "2303"]
[PlyCount "69"]
[EventDate "2021.12.28"]
[EventType "swiss (blitz)"]
[EventRounds "11"]
[EventCountry "USA"]
[SourceTitle "CBM 206 Extra"]
[Source "ChessBase"]
[SourceDate "2022.03.31"]
[SourceVersion "1"]
[SourceVersionDate "2022.03.31"]
[SourceQuality "1"]

1. Nf3 d5 2. c4 c6 3. e3 Nf6 4. Nc3 e6 5. b3 Nbd7 6. Bb2 Bd6 7. Be2 O-O 8. Qc2 Qe7 9. Rg1 e5 10. g3 a6 11. g4 Nc5 12. g5 Nfe4 13. cxd5 Nxc3 14. Qxc3 cxd5 15. Nxe5 Ne4 16. Nc6 Nxc3 17. Nxe7+ Bxe7 18. Bxc3 Be6 19. h4 Ba3 20. f4 Bf5 21. Bf3 Rfd8 22. Kf2 Rac8 23. Bg4 Bxg4 24. Rxg4 b5 25. f5 Re8 26. Ke2 Rcd8 27. Kd3 Bd6 28. Rf1 Be5 29. Bxe5 Rxe5 30. f6 g6 31. Rc1 h6 32. Rc6 hxg5 33. hxg5 Ra8 34. Rc1 Kf8 35. Rh1 1-0

[Event "Titled Tuesday intern op 28th Dec"]
[Site "Chess.com INT"]
[Date "2021.12.28"]
[Round "7"]
[White "Gazis, Efstathios"]
[Black "Vivas Zamora, Fabian Ernesto"]
[Result "0-1"]
[WhiteElo "2141"]
[BlackElo "2344"]
[PlyCount "106"]
[EventDate "2021.12.28"]
[EventType "swiss (blitz)"]
[EventRounds "11"]
[EventCountry "USA"]
[SourceTitle "CBM 206 Extra"]
[Source "ChessBase"]
[SourceDate "2022.03.31"]
[SourceVersion "1"]
[SourceVersionDate "2022.03.31"]
[SourceQuality "1"]

1. e4 e5 2. Nf3 Nc6 3. Bb5 Nf6 4. d3 Bc5 5. c3 d6 6. Nbd2 O-O 7. O-O a6 8. Bxc6 bxc6 9. h3 Re8 10. Re1 a5 11. d4 exd4 12. cxd4 Bb6 13. b3 a4 14. b4 Ba6 15. Qc2 Bb5 16. a3 Qe7 17. Bb2 Rad8 18. Rad1 h6 19. Bc3 c5 20. bxc5 dxc5 21. d5 c6 22. Bxf6 Qxf6 23. e5 Qf4 24. d6 c4 25. Re4 Qf5 26. Nxc4 Bc5 27. Ne3 Bxe3 28. fxe3 c5 29. Rc1 Bc6 30. Rc4 Qxc2 31. R1xc2 Bxf3 32. gxf3 Rxe5 33. Kf2 Rxd6 34. Rxa4 Rd3 35. e4 Rh5 36. Ra2 Rxh3 37. Kg2 Rhxf3 38. Rc4 Rg3+ 39. Kf2 Rxa3 40. Rac2 Rh3 41. Kg2 Rag3+ 42. Kf2 Rg5 43. Rxc5 Rxc5 44. Rxc5 Kh7 45. Rf5 f6 46. e5 Kg6 47. e6 Rh4 48. Rd5 Re4 49. Rd6 Kf5 50. Rd7 g5 51. Rh7 Rxe6 52. Rxh6 Kg4 53. Rh8 Ra6 0-1

[Event "Titled Tuesday intern op 28th Dec"]
[Site "Chess.com INT"]
[Date "2021.12.28"]
[Round "7"]
[White "Goncharov, Vladimir"]
[Black "Kabanova, Ekaterina"]
[Result "1-0"]
[WhiteElo "2077"]
[BlackElo "2138"]
[PlyCount "133"]
[EventDate "2021.12.28"]
[EventType "swiss (blitz)"]
[EventRounds "11"]
[EventCountry "USA"]
[SourceTitle "CBM 206 Extra"]
[Source "ChessBase"]
[SourceDate "2022.03.31"]
[SourceVersion "1"]
[SourceVersionDate "2022.03.31"]
[SourceQuality "1"]

1. d4 c5 2. d5 e5 3. e4 a6 4. Nf3 d6 5. h3 Ne7 6. a4 Ng6 7. a5 Be7 8. g3 O-O 9. Bg2 Re8 10. O-O h6 11. Nc3 Nd7 12. Be3 b5 13. axb6 Nxb6 14. b3 Bd7 15. Nd2 Qc8 16. Kh2 Bg5 17. Qe2 Bxe3 18. fxe3 Qb7 19. Ra3 Nf8 20. Rfa1 Bc8 21. Bf1 Qd7 22. Qg2 f5 23. Bxa6 Bxa6 24. Rxa6 Rxa6 25. Rxa6 Qb7 26. Ra1 Ng6 27. exf5 Nf8 28. f6 gxf6 29. Nde4 Qe7 30. Rf1 Nh7 31. Qf3 Rf8 32. Qf5 Kg7 33. h4 Nc8 34. h5 Qf7 35. Qg4+ Ng5 36. Kg2 Qb7 37. Qf5 Ne7 38. Nxd6 Nxf5 39. Nxb7 Nxe3+ 40. Kf2 Nxf1 41. Kxf1 Rf7 42. Nxc5 Rc7 43. b4 Kf7 44. d6 Rc6 45. d7 Rd6 46. b5 Ne6 47. N3e4 Rd4 48. b6 Ke7 49. c3 Rd1+ 50. Ke2 Rb1 51. b7 Nxc5 52. Nxc5 Kd8 53. Kd3 Kc7 54. Ke4 Rb5 55. Kf5 e4 56. Kxe4 Rxc5 57. d8=Q+ Kxb7 58. Qe7+ Kb6 59. Qxc5+ Kxc5 60. Kf5 Kc4 61. Kxf6 Kxc3 62. Kg6 Kd4 63. Kxh6 Ke5 64. Kg7 Kf5 65. h6 Kg4 66. h7 Kxg3 67. h8=Q 1-0

[Event "Titled Tuesday intern op 28th Dec"]
[Site "Chess.com INT"]
[Date "2021.12.28"]
[Round "7"]
[White "Guseinov, Gadir"]
[Black "Savchenko, Boris"]
[Result "0-1"]
[WhiteElo "2661"]
[BlackElo "2535"]
[PlyCount "114"]
[EventDate "2021.12.28"]
[EventType "swiss (blitz)"]
[EventRounds "11"]
[EventCountry "USA"]
[SourceTitle "CBM 206 Extra"]
[Source "ChessBase"]
[SourceDate "2022.03.31"]
[SourceVersion "1"]
[SourceVersionDate "2022.03.31"]
[SourceQuality "1"]

1. e4 c5 2. Nc3 d6 3. Bb5+ Nd7 4. f4 a6 5. Be2 b5 6. Nf3 Bb7 7. d3 b4 8. Nb1 d5 9. exd5 Bxd5 10. O-O Ngf6 11. a3 e6 12. axb4 cxb4 13. d4 Qb6 14. c4 Bb7 15. Kh1 a5 16. Be3 Be7 17. Bg1 Qc6 18. d5 exd5 19. Nd4 Qc8 20. Nf5 g6 21. Nxe7 Kxe7 22. Nd2 Re8 23. Rc1 Qc6 24. Bf3 Rab8 25. cxd5 Qa6 26. Rc6 Qb5 27. Nb3 a4 28. Nd4 Qa5 29. f5 g5 30. d6+ Kf8 31. Rc7 Bxf3 32. Qxf3 Qa6 33. Ne6+ Kg8 34. Nxg5 Ne5 35. Qd1 a3 36. bxa3 bxa3 37. d7 Nexd7 38. Rxd7 Nxd7 39. Qxd7 Qf6 40. h4 a2 41. Bd4 Red8 42. Qc7 Rbc8 43. Qxc8 Qxd4 44. Qc7 Qxh4+ 45. Nh3 Ra8 46. Qc3 Qe4 47. Ra1 Qxf5 48. Qg3+ Qg6 49. Qe1 Qf6 50. Qg3+ Kh8 51. Qe1 Qb2 52. Kh2 Rc8 53. Qf1 f6 54. Kh1 Rb8 55. Kh2 Qe5+ 56. Kh1 Qxa1 57. Qxa1 Rb1+ 0-1

[Event "Titled Tuesday intern op 28th Dec"]
[Site "Chess.com INT"]
[Date "2021.12.28"]
[Round "7"]
[White "Hardaway, Brewington"]
[Black "Pastar, Slaven"]
[Result "1-0"]
[WhiteElo "2207"]
[BlackElo "2337"]
[PlyCount "68"]
[EventDate "2021.12.28"]
[EventType "swiss (blitz)"]
[EventRounds "11"]
[EventCountry "USA"]
[SourceTitle "CBM 206 Extra"]
[Source "ChessBase"]
[SourceDate "2022.03.31"]
[SourceVersion "1"]
[SourceVersionDate "2022.03.31"]
[SourceQuality "1"]

1. e4 b6 2. d4 Bb7 3. Nc3 e6 4. Nf3 Bb4 5. Bd3 Nf6 6. e5 Ne4 7. Bd2 Nxd2 8. Qxd2 Bxf3 9. gxf3 Nc6 10. a3 Bxc3 11. Qxc3 Qh4 12. Be4 O-O-O 13. a4 f5 14. exf6 gxf6 15. a5 Nxa5 16. b4 f5 17. Ba8 Nc6 18. Qd3 Rde8 19. c3 e5 20. d5 Nb8 21. Rxa7 e4 22. fxe4 Rxe4+ 23. Kf1 Rhe8 24. Bb7+ Kd8 25. Ra8 Re1+ 26. Kg2 Rg8+ 27. Qg3 Rxg3+ 28. fxg3 Qe4+ 29. Kh3 Qg4+ 30. Kg2 Re2+ 31. Kg1 Qf3 32. Rxb8+ Ke7 33. d6+ Kxd6 34. Bxf3 Re1+ 1-0